MARC

Tag First Indicator Second Indicator Subfields
LEADER 00000cam a22000004a 4500
001 in00002467482
005 20151110040829.0
008 080328s2008 mauab b s001 0deng
010 |a  2008014530 
019 |a 183179329 
020 |a 9781558496613 (pbk. : alk. paper) 
020 |a 1558496610 (pbk. : alk. paper) 
020 |a 9781558496606 (library cloth : alk. paper) 
020 |a 1558496602 (library cloth : alk. paper) 
035 |a (OCoLC)ocn183179327 
035 |a (OCoLC)183179327  |z (OCoLC)183179329 
040 |a DLC  |c DLC  |d YDXCP  |d BTCTA  |d BAKER  |d OCLCG  |d C#P  |d BWX  |d MSO  |d CDX  |d UtOrBLW 
043 |a n-us-ma 
049 |a TXAM 
050 0 0 |a E78.M4  |b M64 2008 
082 0 0 |a 970.004/97  |2 22 
100 1 |a Mayhew, Experience,  |d 1673-1758. 
245 1 0 |a Experience Mayhew's Indian converts :  |b a cultural edition /  |c edited and with an introduction by Laura Arnold Leibman. 
264 1 |a Amherst :  |b University of Massachusetts Press,  |c [2008] 
264 4 |c ©2008 
300 |a xvi, 424 pages :  |b illustrations, maps ;  |c 24 cm. 
336 |a text  |b txt  |2 rdacontent 
337 |a unmediated  |b n  |2 rdamedia 
338 |a volume  |b nc  |2 rdacarrier 
490 1 |a Native Americans of the Northeast 
500 |a New scholarly edition of Indian converts by Experience Mayhew published in 1727. 
504 |a Includes bibliographical references (pages [391]-404) and index. 
505 0 |a Containing an account of several Indian ministers, both pastors, ruling elders, and deacons, who have been truly esteem'd godly persons -- Containing an account of several Indian men, not in any church office, who have appeared to be truly good men -- Containing an account of several Indian women that have been justly esteemed religious -- Containing an account of several Indian young men, maids, and children, that have appeared to be truly pious -- Some account of those English ministers who have successively presided over the work of gospelizing the Indians on the Vineyard, and adjacent islands -- Appendix: a brief account of the state of the Indians on Martha's Vineyard, and the small islands adjacent in Duke's Country, from the year 1694 to 1720. 
650 0 |a Indians of North America  |v Biography. 
650 0 |a Indians of North America  |z Massachusetts  |z Martha's Vineyard. 
651 0 |a Martha's Vineyard (Mass.)  |x History. 
650 0 |a Wampanoag Indians  |x Missions. 
600 3 0 |a Mayhew family. 
700 1 |a Leibman, Laura Arnold. 
700 1 |a Mayhew, Experience,  |d 1673-1758.  |t Indian converts. 
830 0 |a Native Americans of the Northeast. 
938 |a Baker & Taylor  |b BKTY  |c 29.95  |d 29.95  |i 1558496610  |n 0007559468  |s active 
938 |a Baker & Taylor  |b BKTY  |c 98.00  |d 98.00  |i 1558496602  |n 0007559469  |s active 
938 |a Baker and Taylor  |b BTCP  |n 2008014530 
938 |a Blackwell Book Service  |b BBUS  |n R5746404  |c $29.95 
938 |a YBP Library Services  |b YANK  |n 2741315 
938 |a Coutts Information Services  |b COUT  |n 7090699  |c 29.95 USD 
945 |a PromptCat  |b 581564 
946 |a stk 
947 |a A14837411394 
994 |a 92  |b TXA 
948 |a cataloged  |b h  |d 2009/1/5  |h c  |e asalazar  |f 2:20:55 pm 
999 |a MARS 
999 f f |s 99262e5f-8796-371e-8dd7-4532bb8912f5  |i a4250c56-6552-393d-a290-02d9ad02e6c7  |t 0 
952 f f |p ric  |a Texas A&M University  |b Rellis Campus  |c Joint Library Facility  |d Remote Storage  |t 0  |e E78.M4 M64 2008  |h Library of Congress classification  |i unmediated -- volume  |m A14837411394 
998 f f |a E78.M4 M64 2008  |t 0  |l Remote Storage